Paesi più vicini alla Spagna - Statistics

Statistiche generali
  • Questo quiz è stato fatto 422 volte
  • Il punteggio medio è 17 su 20
Statistiche sulle risposte
km nazione % Corretto
0 Francia
100%
334 Italia
100%
0 Portogallo
98%
0 Andorra
96%
0 Marocco
95%
68 Algeria
93%
468 Svizzera
92%
671 Germania
91%
0 Regno Unito
Gibilterra
91%
805 Belgio
89%
498 Tunisia
89%
724 Austria
85%
802 San Marino
83%
719 Città del Vaticano
81%
374 Monaco
81%
811 Lussemburgo
79%
716 Liechtenstein
73%
860 Irlanda
69%
314 Mauritania
59%
816 Mali
51%
Nessun quiz corrispondente trovato
Distribuzione punteggi
Percentuale di utenti per punteggio
Percentile per numero di risposta
I tuoi punteggi nel tempo
Non hai fatto questo quiz